000 00820cam a2200277 a 4500
001 4461967
003 ARRUPE
005 20150904105639.0
008 870930s1987 enka b 001 0 eng
010 _a86024503
020 _a0851154468 :
035 _a(OCoLC)14272163
035 _a(OCoLC)ocm14272163
035 _a(NNC)4461967
040 _dNBuU
_cArrupe
050 0 _aBF1671
_b.T37 1987
090 _aBF1671
_b.T37 1987
100 1 _aTester, S. J.
_q(S. Jim)
_919283
245 1 2 _aA history of western astrology /
_cS.J. Tester.
260 _aWoodbridge, Suffolk ;
_aWolfeboro, N.H. :
_bBoydell Press,
_c1987.
300 _aviii, 256 p. :
_bill. ;
_c24 cm.
504 _aIncludes bibliographical references and index.
650 0 _aAstrology
_xHistory.
_919284
942 _2lcc
_cMONOGRAPH
999 _c123222
_d123222